Lamentaciones, Baruc y la crisis exílica

Gardado en:
Detalles Bibliográficos
Autor Principal: Mayoral López, Juan Antonio (autor)
Formato: Unknown
Idioma:inglés
Publicado: Madrid, España: Biblioteca de Autores Cristianos, 2018
Series:Comprender la Palabra; 21
Subjects:
Tags: Engadir etiqueta
Sen Etiquetas, Sexa o primeiro en etiquetar este rexistro!

MARC

LEADER 00000 a2200000 4500
003 CL-VaPUC
005 20230725124448.0
008 230713t2018 ||||| |||| 00| 0 eng d
999 |c 441065  |d 441063 
020 |a 9788422020219 
040 |c Pontificia Universidad Católica de Valparaíso 
082 0 4 |2 22  |a 224 MAY 2018 
100 1 |a Mayoral López, Juan Antonio  |e autor  |9 883715 
245 1 0 |a Lamentaciones, Baruc y la crisis exílica 
260 |a Madrid, España:  |b Biblioteca de Autores Cristianos,  |c 2018 
490 0 |a Comprender la Palabra;  |v 21 
583 |k GC  |c 20230713 
650 1 |a Biblia  |x Antiguo testamento  |x Lamentaciones  |9 883716 
650 1 |a Biblia  |x Antiguo testamento  |x Baruc  |9 883717 
650 1 |a Biblia  |x Antiguo testamento  |x Jeremías  |9 883718 
650 1 |a Duelo  |x Aspectos religiosos  |9 883719 
650 1 |a Sufrimiento  |x Aspectos religiosos  |9 883720 
650 1 0 |a Libros proféticos   |9 400141 
942 |2 ddc  |c BK 
952 |0 0  |1 0  |2 ddc  |4 0  |6 224_000000000000000_MAY_2018  |7 0  |8 A  |9 590726  |a BIBTEO  |b BIBTEO  |c GEN  |d 2023-07-10  |e 3  |g 19185.00  |i 5657931  |o 224 MAY 2018  |p 5657931  |r 2025-01-17  |t 1  |v 19185.00  |w 2023-07-10  |y BK  |k ICR